000 00953nam a22002177a 4500
999 _c327
_d327
003 AR-CdUCM
008 190223b ||||| |||| 00| 0 spa d
040 _aMUNICIPALIDAD PROVINCIAL DEL CUSCO
_cBIBLIOTECA MUNICIPAL DEL CUSCO
082 _a985.613 /
_bE83
100 _aAachahuanco Torreblanca, Rene
_91329
245 _aEspinar unidos por su centenario 1917 - 2017 :
_bHistoria y costumbres de la provincia Espinar /
260 _aCusco :
_bModerna,
_c2015.
300 _a264 páginas ;
_bimágenes ,
_c20 cm.
505 _aCreación de la historia de la provincia de Espinar -- División política y geográfica de Espinar -- Los distritos de Espinar -- Centros arqueológicos de Espinar -- Atractivos turísticos de la provincia de Espiar...
650 _aEspinar.
_91330
650 _aGeografía de Espinar.
_91331
650 _aHistoria de Espinar.
_91332
650 _aTurismo de Espinar.
_91333
942 _2ddc
_cLIBROS
945 _awfj
_d2019-02-23